| 000 | 01438cam a22004215i 4500 | ||
|---|---|---|---|
| 001 | 18449403 | ||
| 003 | Nust | ||
| 005 | 20210827105916.0 | ||
| 008 | 150115s2014 pk 000 0aurd | ||
| 010 | _a 2014363643 | ||
| 020 | _a9789696520016 | ||
| 038 | _aNusrat Nadeem | ||
| 040 |
_aDLC _beng _erda _cDLC |
||
| 041 | 1 |
_aurd _heng |
|
| 042 | _alcode | ||
| 043 | _aa-pk--- | ||
| 050 | 4 | _aHC440.5+ | |
| 066 |
_c(3 _c(4 |
||
| 082 |
_a338.092 _bHAS |
||
| 100 | 1 |
_6880-01 _aHashwani, Sadruddin, _d1940- _eauthor. _981739 |
|
| 240 | 1 | 0 |
_aTruth always prevails _lUrdu |
| 245 | 1 | 0 |
_6880-03 _aSach kā safar / _cṢadruddīn Hāshvānī. |
| 264 | 1 |
_6880-04 _aLahore : _bJumhūrī Pablīkeshanz, _c2014. |
|
| 300 |
_a223 pages ; _c23 cm. |
||
| 336 |
_atext _btxt _2rdacontent |
||
| 337 |
_aunmediated _bn _2rdamedia |
||
| 338 |
_avolume _bnc _2rdacarrier |
||
| 563 | _aHB | ||
| 600 | 1 | 0 |
_aHashwani, Sadruddin, _d1940- _981739 |
| 610 | 2 | 0 |
_aHashoo Group _vBiography. _981740 |
| 650 | 0 |
_aBusinessmen _zPakistan _vBiography. _981741 |
|
| 880 | 1 |
_6100-01/(3/r _aهاشوانى، صدرالدّين ، _d1940- |
|
| 880 | 1 | 0 |
_6245-03/(3/r _aسچ کا سفر / _cصدرالدّين هاشوانى. |
| 880 | 1 |
_6264-04/(3/r _aLahore : _bجمهورى پبليکيشنز، _c2014. |
|
| 906 |
_a7 _bibc _corigode _d3 _encip _f20 _gy-nonroman |
||
| 942 |
_2ddc _cBK |
||
| 999 |
_c328958 _d328958 |
||